000 01237cam a2200325 a 4500
001 24553
003 Mx-PuUPA
005 20251022111323.0
008 140415s2018 mx gr 000 0 spa d
020 _cEn trámite
040 _aMx-PuUPA
_bspa
_cMx-PuUPA
_dMx-PuUPA
_erda
041 0 _aspa
043 _acl
100 1 _aD'Angelo, Julián Leonardo,
_eautor
_917069
245 1 0 _aResponsabilidad social y universidad :
_bagenda Latinoamericana /
_cJulián Leonardo D'Angelo
250 _aPrimera edición
264 1 _aCiudad de México :
_bUniversidad Nacional Autónoma de México,
_c©2018
300 _a207 páginas ;
_c23 cm
336 _2rdacontent
_atexto
_btxt
337 _2rdamedia
_asin medio
_bn
338 _2rdacarrier
_avolumen
_bnc
490 0 _aColección especial Alafec
650 7 _2armarc
_aUniversidades
_zAmérica Latina
_xResponsabilidad social
650 7 _2armarc
_aResponsabilidad social empresarial
_zAmérica Latina
650 7 _2armarc
_aAsociaciones comerciales
_xResponsabilidad colectiva
_zAmérica Latina
942 _2ddc
_cLI
_h658.40898
_iD67
999 _c24553
_d24553